Test culture générale- 12 - Statistiques

Statistiques générales
  • Ce quiz a été pris 4 431 fois
  • Le résultat moyen est 7 sur 10
Statistiques - réponses
Question Réponses % Correct
Quelle est la première personne singulier du verbe « appeler » au présent de l’indicatif ? J’appelle
93%
Quelle est le nom de la capitale de la Pologne? Varsovie
88%
Dans quelle ville se trouve le club de football de Chelsea? Londres
85%
En quelle année Christophe Colomb débarque-t-il en Amérique? 1492
84%
Quel film romantique et tragique est porté par une bande-son chantée par Céline Dion? Titanic
83%
Que fait la mante après l’accouplement avec le mâle ? Elle le dévore
82%
En 2013, dans quel état Stromae a-t-il été filmé pour assurer la promotion de son nouvel album ? Saoul
69%
À qui doit-on le célèbre poème commençant par « Demain dès l’aube, à l’heure où blanchit la campagne… » ? Victor Hugo
63%
« Dieu est mon droit ». De quel pays est-ce la devise? Royaume-Uni
40%
Quelle entreprise fait faillite en 2008, accélérant le déclenchement de la crise économique mondiale ? Lehman Brothers
21%
Aucun quiz correspondant
Distribution des résultats
% des personnes avec chaque résultat
Percentile par nombre de réponses
Votre historique - résultats
Vous n’avez pas pris ce quiz